000 00578nam a22001817a 4500
005 20251108173328.0
008 250721s2001 xx 000 0 ara d
082 1 4 _aط/ 219.3/صال
100 1 _aصالح، محمد عبد الله
245 1 0 _aرملة بنت أبي سفيان أم حبيبة .... /
264 1 _aالقاهرة :
_bشركة الفرسان 2000،
_c2001.
300 _a16ص.
490 0 _aأمهات المؤمنين
_v10
650 1 7 _aزوجات النبي
653 _aناشئون صغار (10-14 سنة)
942 _2ddc
_cBK
999 _c101379
_d101379